World geography A - Statistics

General Stats
  • This quiz has been taken 111 times
  • The average score is 22 of 30
Answer Stats
Questions Answer % Correct
1) The land down under Australia
99%
2) small country high in the Pyrenees Andorra
95%
18) Capital of the Netherlands Amsterdam
91%
14) Its capital is Phoenix Arizona
90%
24) Ancient Egyptian port city that housedthe most expansive library in the world Alexandria
89%
13) Mountain range spanning easternFrance to Austria Alps
89%
9) The "Last Frontier" state Alaska
88%
25) Its capital is Luanda Angola
87%
8) Its capital is Edmonton Alberta
85%
3) Capital of the above Andorra La Vella
85%
23) Capital of Paraguay Asuncion
85%
30) Capital of Texas Austin
85%
5) Coastal eastern Scottish city Aberdeen
84%
6) Eastern US mountain range stretching from Georgia to Maine Appalachian
82%
7) Portuguese island chain in thenorth Atlantic Azores
82%
20) The Taj Mahal is located in this city Agra
81%
28) Country in the Caucuses, its capitalis Yerevan Armenia
81%
17) A chain of islands archipelago
79%
22) Biggest city in South Australia and the5th overall Adelaide
78%
11) Turkish mountain on which NoahsArk reportedly landed on Ararat
76%
21) Capital of Samoa Apia
67%
12) Mountain range covering much ofthe Maghreb region Atlas
66%
16) Southern Mexico resort city on thePacific ocean Acapulco
57%
29) Driest non polar desert on Earth Atacama
55%
27) Yemeni port city on the Red Seacoast Aden
54%
15) Highest peak in the Americas Aconcagua
50%
26) Danish city in Jutland known for itsart and museum scene Aalborg
40%
10) 1200 mile long island chain locatedoff the coast of the above Aleutian islands
36%
4) home to the University of Georgia (USA) Athens
35%
19) Port city located north of Reykjavik inthe Icelandic fjords Akranes
9%
No matching quizzes found
Score Distribution
Percent of People with Each Score
Percentile by Number Answered
Your Score History
You have not taken this quiz